L'Art en 10 questions #1 - Statistiques

Statistiques générales
  • Ce quiz a été pris 66 fois
  • Le résultat moyen est 6 sur 10
Statistiques - réponses
Hint Réponse % Correct
Qui a peint La Joconde ? Leonard De Vinci
100%
Dans quelle ville peut-on voir la chapelle Sixtine peinte par Michel-Ange ? Rome
95%
Quel artiste surréaliste a peint La Persistance de la mémoire, avec des montres molles ? Salvador Dali
82%
Quel artiste est célèbre pour ses tableaux de tournesols ? Vincent Van Gogh
82%
Quel sculpteur est l’auteur du Penseur ? Rodin
80%
Quelle est la nationalité de Pablo Picasso ? Espagnole
71%
Quel mouvement artistique est associé à Claude Monet ? L’impressionnisme
55%
Quel artiste italien de la Renaissance a réalisé L’École d’Athènes ? Raphaël
43%
Quel peintre américain est célèbre pour ses toiles abstraites faites de "drippings" ? Jackson Pollock
30%
Comment s'appelle le courant artistique dont Mondrian est l'une des figures clés ? Néoplasticisme
5%
Aucun quiz correspondant
Distribution des résultats
% des personnes avec chaque résultat
Percentile par nombre de réponses
Votre historique - résultats
Vous n’avez pas pris ce quiz